| 000 | 009550000a22002770004500 | ||
|---|---|---|---|
| 003 | LK-CoMWRAF | ||
| 005 | 20231127124918.0 | ||
| 008 | 230817t2001 ||||| |||| 00| 0 eng d | ||
| 020 | _a0855984619 | ||
| 040 |
_aLK-CoMWRAF _dLK-CoMWRAF _eLK-CoMWRAF |
||
| 041 | _aeng | ||
| 082 |
_a305.42 _bGEN |
||
| 245 |
_aGender perspectives on property and inheritance : _ba global source book |
||
| 260 |
_aOxford: _bOxfam GB, _c2001 |
||
| 300 |
_a142 p. ; 24 cm. _bBibliography and index included |
||
| 490 | _aGender, Society & Development | ||
| 490 | _aCritical reviews and annotated bibliographies series | ||
| 650 | _aInheritance and succession--Abstracts | ||
| 650 | _aSex discrimination--Law and legislation--Abstracts. | ||
| 700 |
_a Cummings, Sarah _eed. |
||
| 700 |
_avan Dam, Henk _eed. |
||
| 700 |
_aKhadar, Angela _eed. |
||
| 700 |
_aValk, Minke _eed. |
||
| 856 | _uhttps://www.kit.nl/wp-content/uploads/2018/08/529_bwGenderP.pdf | ||
| 942 | _cBK | ||
| 999 |
_c396 _d396 |
||